000 00189 a2200097 4500
020 _a9781575651521
041 _aspa
100 _aKassirer, Sue
245 _a
942 _cBK
999 _c13044
_d13044